[Event "ICS rated blitz match"]
[Site "204.178.125.65"]
[Date "2000.11.18"]
[Round "?"]
[White "Hossa"]
[Black "nyul"]
[Result "1-0"]
[WhiteElo "2587"]
[BlackElo "2161"]
[PlyCount "21"]
[EventDate "2000.??.??"]

1. e4 e5 2. Nf3 Nc6 3. Bb5 a6 4. Ba4 Nf6 5. Qe2 b5 6. Bb3 Bc5 7. a4 b4 8. Ng5
O-O 9. Nxf7 Rxf7 10. Bxf7+ Kxf7 11. Qc4+ {nyul resigns} 1-0

[Event "ICS rated blitz match"]
[Site "204.178.125.65"]
[Date "2000.11.18"]
[Round "?"]
[White "nyul"]
[Black "Hossa"]
[Result "0-1"]
[WhiteElo "2158"]
[BlackElo "2590"]
[PlyCount "60"]
[EventDate "2000.??.??"]

1. e4 c5 2. c4 Nc6 3. d3 g6 4. Nc3 Bg7 5. Nf3 d6 6. Be2 Nf6 7. h3 O-O 8. Be3
Nd7 9. Qd2 Nd4 10. Bd1 f5 11. Bh6 fxe4 12. dxe4 Nxf3+ 13. Bxf3 Bxh6 14. Qxh6
Ne5 15. Be2 Bd7 16. O-O e6 17. Qe3 Qf6 18. f4 Nc6 19. Rad1 Nd4 20. Bd3 Qh4 21.
Ne2 e5 22. fxe5 dxe5 23. Nxd4 cxd4 24. Qe2 Qg3 25. Kh1 Be6 26. b3 b6 27. Qe1
Rxf1+ 28. Qxf1 Rf8 29. Qe1 Rf2 30. Bf1 Bxh3 {nyul resigns} 0-1

[Event "ICS rated blitz match"]
[Site "204.178.125.65"]
[Date "2000.11.18"]
[Round "?"]
[White "Hossa"]
[Black "Jfreile"]
[Result "1-0"]
[WhiteElo "2592"]
[BlackElo "2163"]
[PlyCount "37"]
[EventDate "2000.??.??"]

1. e4 c5 2. Nc3 a6 3. Nf3 e6 4. Be2 d6 5. O-O Nd7 6. d4 cxd4 7. Qxd4 Ngf6 8.
Rd1 Qc7 9. Be3 Be7 10. Nd2 b5 11. a4 e5 12. Qd3 b4 13. Nd5 Nxd5 14. Qxd5 Bb7
15. Qb3 a5 16. Bb5 O-O 17. Qc4 Qxc4 18. Nxc4 Bxe4 19. Bxd7 {Jfreile resigns}
1-0

[Event "ICS rated blitz match"]
[Site "204.178.125.65"]
[Date "2000.11.18"]
[Round "?"]
[White "Hossa"]
[Black "NewSpassky"]
[Result "1-0"]
[WhiteElo "2596"]
[BlackElo "2156"]
[PlyCount "29"]
[EventDate "2000.??.??"]

1. e4 c5 2. c3 d5 3. exd5 Qxd5 4. d4 Nf6 5. Nf3 Bg4 6. Qa4+ Nbd7 7. Nbd2 Bxf3
8. Nxf3 cxd4 9. cxd4 e6 10. Be3 Be7 11. Bc4 Qe4 12. O-O O-O 13. Ng5 Qg6 14.
Nxe6 Nb6 15. Nxf8 {NewSpassky resigns} 1-0

[Event "ICS rated blitz match"]
[Site "204.178.125.65"]
[Date "2000.11.18"]
[Round "?"]
[White "NewSpassky"]
[Black "Hossa"]
[Result "0-1"]
[WhiteElo "2154"]
[BlackElo "2598"]
[PlyCount "32"]
[EventDate "2000.??.??"]

1. d4 c6 2. c4 d5 3. Nc3 dxc4 4. Nf3 b5 5. a4 b4 6. Na2 b3 7. Nc3 Na6 8. e3 Nb4
9. Rb1 Nc2+ 10. Kd2 Ba6 11. Ne5 Nxd4 12. exd4 Qxd4+ 13. Nd3 cxd3 14. Qxb3 Rd8
15. Nd1 Qf4+ 16. Kc3 d2 {NewSpassky resigns} 0-1

[Event "ICS rated blitz match"]
[Site "204.178.125.65"]
[Date "2000.11.18"]
[Round "?"]
[White "Hossa"]
[Black "NewSpassky"]
[Result "1-0"]
[WhiteElo "2600"]
[BlackElo "2152"]
[PlyCount "57"]
[EventDate "2000.??.??"]

1. e4 c5 2. c3 d5 3. exd5 Qxd5 4. d4 Nf6 5. Nf3 Bg4 6. Qa4+ Nbd7 7. Nbd2 e6 8.
Bc4 Qc6 9. Qxc6 bxc6 10. Ba6 Rb8 11. O-O Be7 12. h3 Bh5 13. Re1 O-O 14. g4 Bg6
15. Ne5 Nxe5 16. dxe5 Nd5 17. Nb3 Rfd8 18. Be3 Nc7 19. Bc4 Nd5 20. Re2 Nxe3 21.
Rxe3 Bc2 22. f4 Rd7 23. f5 Rbd8 24. fxe6 Rd1+ 25. Rxd1 Rxd1+ 26. Kg2 fxe6 27.
Bxe6+ Kf8 28. Re2 Bg6 29. Bf5 {NewSpassky resigns} 1-0

[Event "ICS rated bullet match"]
[Site "204.178.125.65"]
[Date "2000.11.18"]
[Round "?"]
[White "Hossa"]
[Black "Saopaulo"]
[Result "1-0"]
[WhiteElo "2610"]
[BlackElo "1981"]
[PlyCount "45"]
[EventDate "2000.??.??"]

1. e4 e6 2. d4 d5 3. e5 c5 4. c3 Qb6 5. Nf3 Bd7 6. Be2 Bb5 7. Bxb5+ Qxb5 8. Na3
Qa6 9. Nc2 Ne7 10. dxc5 Nec6 11. Be3 Nd7 12. Nb4 Qb5 13. a4 Qa5 14. Nxc6 bxc6
15. b4 Qc7 16. Bf4 f6 17. Qd4 a5 18. exf6 Qd8 19. fxg7 Rg8 20. gxf8=Q+ Rxf8 21.
Bg5 Qc7 22. Qg7 Ne5 23. Qxc7 {Saopaulo resigns} 1-0

[Event "ICS rated bullet match"]
[Site "204.178.125.65"]
[Date "2000.11.18"]
[Round "?"]
[White "Hossa"]
[Black "Saopaulo"]
[Result "1-0"]
[WhiteElo "2612"]
[BlackElo "1979"]
[PlyCount "61"]
[EventDate "2000.??.??"]

1. e4 e5 2. Nf3 d5 3. exd5 e4 4. Qe2 Be7 5. Qxe4 Nf6 6. Qa4+ c6 7. dxc6 O-O 8.
cxb7 Bxb7 9. Be2 Bc6 10. Qh4 Nbd7 11. O-O Re8 12. Nd4 Bb7 13. Nf5 Bf8 14. Nc3
Ne5 15. d4 Ng6 16. Qh3 Rc8 17. Bb5 Re6 18. Bg5 Rxc3 19. bxc3 Qd5 20. c4 Qe4 21.
d5 Rb6 22. Rfe1 Qxc2 23. Rac1 Qxa2 24. Ra1 Qb2 25. Rab1 Qc2 26. Nd4 Qa2 27. Ra1
Qb2 28. Qd3 Bc5 29. Bxf6 gxf6 30. Re8+ Kg7 31. Nf5# {Saopaulo checkmated} 1-0

[Event "ICS rated bullet match"]
[Site "204.178.125.65"]
[Date "2000.11.18"]
[Round "?"]
[White "Hossa"]
[Black "Saopaulo"]
[Result "1-0"]
[WhiteElo "2614"]
[BlackElo "1977"]
[PlyCount "37"]
[EventDate "2000.??.??"]

1. c4 e5 2. Nc3 Nf6 3. Nf3 e4 4. Ng5 b5 5. cxb5 d5 6. Qa4 Bd7 7. Nxd5 Nxd5 8.
Qxe4+ Be6 9. Nxe6 fxe6 10. Qxe6+ Be7 11. g3 Qd7 12. Qe5 Qd6 13. Qxg7 Bf6 14.
Qg4 Nd7 15. Qh5+ Kd8 16. Bg2 N7b6 17. a4 Qe5 18. Qxe5 Bxe5 19. a5 {
Saopaulo resigns} 1-0

[Event "ICS rated bullet match"]
[Site "204.178.125.65"]
[Date "2000.11.18"]
[Round "?"]
[White "Saopaulo"]
[Black "Hossa"]
[Result "0-1"]
[WhiteElo "1976"]
[BlackElo "2615"]
[PlyCount "82"]
[EventDate "2000.??.??"]

1. d4 Nf6 2. Nc3 d5 3. Bg5 Nbd7 4. f3 Nb6 5. e4 dxe4 6. fxe4 a6 7. Nf3 h6 8.
Bh4 g5 9. Bf2 Ng4 10. Bg3 Ne3 11. Qd2 Nxf1 12. Rxf1 g4 13. Ne5 Be6 14. d5 Bg7
15. dxe6 Qxd2+ 16. Kxd2 Bxe5 17. exf7+ Kf8 18. Bxe5 Nc4+ 19. Ke2 Nxe5 20. Nd5
Rc8 21. Rad1 Nxf7 22. Nf4 Ke8 23. Ne6 Rg8 24. g3 Rg6 25. Nf4 Rf6 26. Ke3 Ne5
27. Nd5 Nc4+ 28. Kd4 Rc6 29. b3 e5+ 30. Kd3 Nb2+ 31. Kd2 Nxd1 32. Kxd1 Re6 33.
c4 h5 34. Ke2 c6 35. Rf5 cxd5 36. exd5 Re7 37. Rxh5 Kd7 38. Ke3 b5 39. Ke4 bxc4
40. bxc4 Rxc4+ 41. Kd3 Rd4+ {Saopaulo resigns} 0-1

[Event "ICS rated standard match"]
[Site "204.178.125.65"]
[Date "2000.11.18"]
[Round "?"]
[White "Alessandro"]
[Black "Hossa"]
[Result "1-0"]
[WhiteElo "2263"]
[BlackElo "2267"]
[PlyCount "71"]
[EventDate "2000.??.??"]

1. d4 Nf6 2. c4 e6 3. Nc3 Bb4 4. e3 c5 5. Bd3 Bxc3+ 6. bxc3 Nc6 7. Nf3 d6 8.
Rb1 e5 9. d5 e4 10. dxc6 bxc6 11. Bc2 exf3 12. Qxf3 Qc7 13. e4 Be6 14. Qg3 O-O
15. Bg5 Ng4 16. h3 Ne5 17. f4 Nxc4 18. Bf6 Bg4 19. Qxg4 g6 20. Qg5 Qd8 21. Bxd8
Raxd8 22. Rb7 Rb8 23. Rxa7 Rb2 24. Bd3 Nb6 25. O-O Nc8 26. Ra8 Rd2 27. Bc4 Kg7
28. f5 f6 29. Qxd2 gxf5 30. Rxc8 Rxc8 31. Qxd6 Re8 32. Rxf5 Rf8 33. Qe7+ Kg6
34. Qxf8 h5 35. Qxf6+ Kh7 36. Rxh5# {Hossa checkmated} 1-0

[Event "ICS rated bullet match"]
[Site "204.178.125.65"]
[Date "2000.11.18"]
[Round "?"]
[White "achileus"]
[Black "Hossa"]
[Result "0-1"]
[WhiteElo "2201"]
[BlackElo "2617"]
[PlyCount "50"]
[EventDate "2000.??.??"]

1. d4 c6 2. c4 d5 3. e3 Nf6 4. Nf3 e6 5. Nbd2 Bb4 6. Bd3 dxc4 7. Bxc4 O-O 8.
O-O Nbd7 9. e4 Bxd2 10. Bxd2 Nxe4 11. Bd3 Nxd2 12. Qxd2 Nf6 13. Rad1 Bd7 14.
Bb1 Qe7 15. Ne5 Rfd8 16. Qd3 c5 17. Qh3 Bb5 18. Rfe1 cxd4 19. Ng4 d3 20. Ne5 d2
21. Re3 Qc7 22. Ng4 Nxg4 23. Qxh7+ Kf8 24. Qh8+ Ke7 25. Qxg7 Qxh2# {
achileus checkmated} 0-1

[Event "ICS rated bullet match"]
[Site "204.178.125.65"]
[Date "2000.11.18"]
[Round "?"]
[White "Hossa"]
[Black "achileus"]
[Result "1-0"]
[WhiteElo "2620"]
[BlackElo "2198"]
[PlyCount "65"]
[EventDate "2000.??.??"]

1. d4 c6 2. e4 d6 3. Nf3 g6 4. Bd3 Bg7 5. O-O Bg4 6. c3 Nd7 7. h3 Bxf3 8. Qxf3
e5 9. Bc4 Ngf6 10. Na3 Qc7 11. Bb3 O-O 12. Bg5 h6 13. Bh4 g5 14. Bg3 Rfe8 15.
Rfe1 Nf8 16. h4 g4 17. Qd3 Ng6 18. dxe5 dxe5 19. Qe2 Nf4 20. Qe3 h5 21. Rad1 b5
22. Bxf4 exf4 23. Qc5 g3 24. Nxb5 gxf2+ 25. Kxf2 Ng4+ 26. Kg1 Qa5 27. Bxf7+
Kxf7 28. Nd6+ Kg8 29. Qxa5 Be5 30. Nxe8 Rxe8 31. Rd8 Rxd8 32. Qxd8+ Kg7 33.
Qg5+ {achileus resigns} 1-0

[Event "ICS rated bullet match"]
[Site "204.178.125.65"]
[Date "2000.11.18"]
[Round "?"]
[White "CPUGrandMaster"]
[Black "Hossa"]
[Result "1-0"]
[WhiteElo "2883"]
[BlackElo "2623"]
[PlyCount "95"]
[EventDate "2000.??.??"]

1. c4 Nf6 2. g3 c6 3. Bg2 d5 4. Nf3 dxc4 5. Na3 b5 6. Ne5 Qd6 7. d4 cxd3 8. Bf4
Qb4+ 9. Qd2 e6 10. Nxc6 Qxd2+ 11. Kxd2 Bb7 12. Bxb8 Bxa3 13. bxa3 Rxb8 14. Nxb8
Bxg2 15. Rhc1 O-O 16. Nc6 dxe2 17. Kxe2 Bxc6 18. Rxc6 g6 19. Rc7 Ra8 20. Rac1
Kg7 21. Rb7 Ne4 22. Rc6 Kf6 23. f3 Ng5 24. Rcc7 Rf8 25. h4 Nh3 26. Kf1 g5 27.
Kg2 gxh4 28. Kxh3 hxg3 29. Rxa7 h5 30. Kxg3 Kg6 31. Rcb7 e5 32. Rxb5 f6 33. Rb6
Rg8 34. Raa6 Rf8 35. Kh4 Kg7 36. a4 Rc8 37. Rxf6 Rc2 38. Rfc6 Rxc6 39. Rxc6 Kf7
40. a5 e4 41. fxe4 Ke7 42. a6 Kd7 43. Rc4 Ke7 44. a7 Kf6 45. a8=Q Kg7 46. Rc6
Kh7 47. Qb7+ Kg8 48. Rc8# {Hossa checkmated} 1-0

[Event "ICS rated standard match"]
[Site "204.178.125.65"]
[Date "2000.11.18"]
[Round "?"]
[White "Hossa"]
[Black "Alessandro"]
[Result "1/2-1/2"]
[WhiteElo "2251"]
[BlackElo "2286"]
[PlyCount "77"]
[EventDate "2000.??.??"]

1. c4 Nf6 2. g3 e6 3. Nf3 d5 4. cxd5 exd5 5. Bg2 Nc6 6. O-O Bd6 7. d4 O-O 8.
Nc3 Bg4 9. Nb5 Be7 10. Bf4 a6 11. Nc3 Nh5 12. Bd2 Re8 13. Ne5 Nxe5 14. dxe5 d4
15. Ne4 Qd7 16. f3 Be6 17. g4 f5 18. Nf2 fxg4 19. fxg4 Bxg4 20. Bxb7 Rab8 21.
Bxa6 Rxb2 22. Bc4+ Be6 23. Bd3 c5 24. Rb1 Rxa2 25. e3 c4 26. Bxh7+ Kxh7 27.
Qxh5+ Kg8 28. Rb7 Qd8 29. Ne4 Rxd2 30. Qg6 Bh3 31. Qf7+ Kh8 32. Qh5+ Kg8 33.
Qxh3 dxe3 34. Qf5 e2 35. Qf7+ Kh8 36. Qh5+ Kg8 37. Qf7+ Kh8 38. Qh5+ Kg8 39.
Qf7+ {Game drawn by repetition} 1/2-1/2

[Event "ICS Rated standard match"]
[Site "204.178.125.65"]
[Date "2000.11.18"]
[Round "?"]
[White "Alessandro"]
[Black "Hossa"]
[Result "0-1"]
[WhiteElo "2284"]
[BlackElo "2253"]
[PlyCount "150"]
[EventDate "2000.??.??"]

1. d4 c6 2. c4 d5 3. Nc3 dxc4 4. e3 Be6 5. Nf3 b5 6. Ne5 Nf6 7. a4 Nfd7 8. axb5
Nxe5 9. dxe5 Qxd1+ 10. Kxd1 Nd7 11. bxc6 Nxe5 12. Nb5 O-O-O+ 13. Ke1 Nxc6 14.
Nxa7+ Nxa7 15. Rxa7 Rd7 16. Ra8+ Kb7 17. Ra4 Rc7 18. Bd2 Rc5 19. Bc3 Bd5 20. f3
f6 21. e4 Bf7 22. Be2 e5 23. Kf2 Rc7 24. Rha1 Bc5+ 25. Kf1 Bb6 26. g3 Rc6 27.
f4 Re8 28. fxe5 fxe5 29. Kg2 Bg6 30. Bf3 Re7 31. h4 Re8 32. h5 Bf7 33. g4 g5
34. Be2 h6 35. Kg3 Bg8 36. Rd1 Kc7 37. Rc1 Be3 38. Rf1 Bf4+ 39. Kg2 Rb8 40. Rd1
Be6 41. Ra7+ Rb7 42. Ba5+ Kb8 43. Rxb7+ Kxb7 44. Rd8 Ra6 45. Bc3 Rc6 46. Rh8
Bc8 47. Kf3 Kb6 48. Bd1 Bb7 49. Ba4 Rf6 50. Bd7 Rd6 51. Bf5 Bc6 52. Bb4 Rd3+
53. Ke2 Kb5 54. Bc3 Re3+ 55. Kf2 Bxe4 56. Bxe4 Rxe4 57. Rxh6 Re3 58. Rh8 e4 59.
h6 Rh3 60. h7 Rh2+ 61. Kg1 e3 62. Be1 e2 63. Bc3 Kb6 64. Be1 Bc7 65. Bc3 Kc5
66. Be1 Kc6 67. Bc3 Kd7 68. Bb4 Be5 69. Ra8 c3 70. Ra1 cxb2 71. Re1 Rxh7 72.
Kf2 Rh2+ 73. Ke3 Ke6 74. Kd2 Bg3 75. Rg1 e1=Q+ {Alessandro resigns} 0-1

[Event "ICS rated bullet match"]
[Site "204.178.125.65"]
[Date "2000.11.18"]
[Round "?"]
[White "Hossa"]
[Black "achileus"]
[Result "1-0"]
[WhiteElo "2617"]
[BlackElo "2103"]
[PlyCount "79"]
[EventDate "2000.??.??"]

1. e4 c5 2. c3 Nc6 3. Nf3 Nf6 4. e5 Nd5 5. d4 cxd4 6. cxd4 e6 7. Nc3 Nxc3 8.
bxc3 d5 9. Bd3 Be7 10. O-O f5 11. exf6 gxf6 12. Qc2 f5 13. Qe2 O-O 14. Bh6 Rf7
15. Rfe1 Bf6 16. Bf4 Bd7 17. Rab1 b6 18. Ba6 Qf8 19. Ng5 Bxg5 20. Bxg5 Re8 21.
Bf4 Qg7 22. Qe3 Kh8 23. Bh6 Qg6 24. Qf4 Rg8 25. Bf1 Qg4 26. Qc7 Be8 27. Qc8 Bd7
28. Qb7 Be8 29. Qa6 Bd7 30. Qd3 Be8 31. Rxe6 Bd7 32. Rd6 f4 33. h3 Qg6 34. Rxg6
Rxg6 35. Qf3 Rxh6 36. Qxd5 Bxh3 37. Qxf7 Rf6 38. Qxf6+ Kg8 39. Bc4+ Be6 40.
Bxe6# {achileus checkmated} 1-0

[Event "ICS rated blitz match"]
[Site "204.178.125.65"]
[Date "2000.11.18"]
[Round "?"]
[White "Hossa"]
[Black "Nothing"]
[Result "1-0"]
[WhiteElo "2603"]
[BlackElo "2031"]
[PlyCount "65"]
[EventDate "2000.??.??"]

1. e4 c5 2. c3 d6 3. d4 Nc6 4. d5 Nb8 5. Nf3 g6 6. e5 Bg7 7. exd6 exd6 8. Bf4
Ne7 9. Bb5+ Kf8 10. O-O a6 11. Ba4 b5 12. Bc2 Bb7 13. Be4 Qb6 14. Bg5 h6 15.
Bxe7+ Kxe7 16. Re1 Kf8 17. Na3 Nd7 18. Nd2 f5 19. Bf3 Ne5 20. Qe2 Kf7 21. h4 h5
22. Nc2 Rae8 23. Rab1 Qd8 24. g3 Qa8 25. Ne3 Ng4 26. Ndf1 Bh6 27. c4 b4 28. Qc2
Ne5 29. Be2 Re7 30. f4 Nd7 31. Nxf5 gxf5 32. Bxh5+ Kf8 33. Qxf5+ {
Nothing resigns} 1-0

[Event "ICS rated bullet match"]
[Site "204.178.125.65"]
[Date "2000.11.18"]
[Round "?"]
[White "DynoMike"]
[Black "Hossa"]
[Result "0-1"]
[WhiteElo "2013"]
[BlackElo "2619"]
[PlyCount "78"]
[EventDate "2000.??.??"]

1. g3 Nf6 2. Bg2 d5 3. e4 dxe4 4. Nc3 Bg4 5. f3 exf3 6. Bxf3 Qd4 7. Bxg4 Qxg4
8. Qxg4 Nxg4 9. d3 Nc6 10. h3 Nd4 11. Kd2 Nf6 12. Nge2 Nc6 13. b3 e5 14. Bb2
O-O-O 15. Rae1 Bc5 16. Kc1 Bf2 17. Ref1 Bb6 18. Rh2 Bc5 19. g4 h5 20. gxh5 Be3+
21. Kb1 Rxh5 22. Ng3 Rhh8 23. Nf5 Bf4 24. Rg2 g6 25. Ng3 Rxh3 26. Nge4 Nxe4 27.
Nxe4 Rdh8 28. Nf6 Rh1 29. Rgg1 Rxg1 30. Rxg1 b5 31. Bc1 Rh2 32. Bxf4 exf4 33.
Nd5 f3 34. Nc3 Nd4 35. Ne4 Rxc2 36. Rf1 Rg2 37. a4 g5 38. axb5 g4 39. b6 axb6 {
DynoMike resigns} 0-1

[Event "ICS rated bullet match"]
[Site "204.178.125.65"]
[Date "2000.11.18"]
[Round "?"]
[White "Hossa"]
[Black "DynoMike"]
[Result "1-0"]
[WhiteElo "2620"]
[BlackElo "2012"]
[PlyCount "47"]
[EventDate "2000.??.??"]

1. d4 b6 2. c4 Bb7 3. Nf3 d5 4. cxd5 Bxd5 5. Nc3 Bb7 6. e4 e6 7. Bd3 Be7 8.
Qa4+ c6 9. O-O b5 10. Qc2 Nf6 11. e5 Nfd7 12. Ne4 Nb6 13. Bg5 Nd5 14. Nd6+ Kf8
15. Nxb7 Qc7 16. Nc5 Bxc5 17. Qxc5+ Ke8 18. Rac1 a6 19. Be4 h6 20. Bh4 Nd7 21.
Qxc6 Qxc6 22. Rxc6 Nb4 23. Rc7 Nxa2 24. Bxa8 {DynoMike resigns} 1-0

[Event "ICS rated bullet match"]
[Site "204.178.125.65"]
[Date "2000.11.18"]
[Round "?"]
[White "DynoMike"]
[Black "Hossa"]
[Result "0-1"]
[WhiteElo "2011"]
[BlackElo "2621"]
[PlyCount "52"]
[EventDate "2000.??.??"]

1. g3 Nf6 2. Bg2 d5 3. e3 e5 4. d4 exd4 5. Qxd4 Nc6 6. Qd1 Bb4+ 7. c3 Be7 8.
Nd2 O-O 9. Nb3 Ne5 10. Ne2 Bg4 11. O-O Nf3+ 12. Bxf3 Bxf3 13. Qd3 c5 14. Qf5
Bxe2 15. Re1 Bg4 16. Qf4 Bd6 17. Qg5 h6 18. Qh4 Qd7 19. f4 Be7 20. h3 Bxh3 21.
g4 Bxg4 22. Qg3 Ne4 23. Qg2 Bh4 24. Rf1 Bh3 25. Qh2 Qg4+ 26. Kh1 Bxf1 {
DynoMike resigns} 0-1

[Event "ICS rated bullet match"]
[Site "204.178.125.65"]
[Date "2000.11.18"]
[Round "?"]
[White "Hossa"]
[Black "DynoMike"]
[Result "1-0"]
[WhiteElo "2622"]
[BlackElo "2010"]
[PlyCount "59"]
[EventDate "2000.??.??"]

1. e4 b6 2. d4 c6 3. Nf3 Bb7 4. Bd3 e6 5. O-O d6 6. Be3 Be7 7. c4 Nf6 8. e5
dxe5 9. Nxe5 Nfd7 10. Nf3 O-O 11. Nc3 c5 12. d5 exd5 13. cxd5 Nf6 14. Bc4 Bd6
15. Re1 Nbd7 16. Nb5 Bc7 17. d6 Bb8 18. Bf4 a6 19. Nc7 Ra7 20. Ng5 h6 21. Nce6
fxe6 22. Nxe6 Qc8 23. Nxf8+ Kxf8 24. Re7 b5 25. Be6 Qc6 26. Rf7+ Ke8 27. Rxg7
Nh5 28. Qxh5+ Kd8 29. Rg8+ Nf8 30. Rxf8+ {DynoMike resigns} 1-0

[Event "ICS rated bullet match"]
[Site "204.178.125.65"]
[Date "2000.11.18"]
[Round "?"]
[White "Hossa"]
[Black "DynoMike"]
[Result "1-0"]
[WhiteElo "2624"]
[BlackElo "2008"]
[PlyCount "49"]
[EventDate "2000.??.??"]

1. e4 b6 2. d4 Bb7 3. Nc3 d6 4. Nf3 c6 5. Bd3 Nf6 6. e5 dxe5 7. dxe5 Nd5 8.
Nxd5 Qxd5 9. O-O e6 10. c4 Qa5 11. a3 Be7 12. Bd2 Qa6 13. Qc2 b5 14. cxb5 cxb5
15. Nd4 O-O 16. Nxb5 Qb6 17. Be3 Qd8 18. Bxh7+ Kh8 19. Rad1 Nd7 20. Nxa7 Qe8
21. Be4 Bxe4 22. Qxe4 Bc5 23. Qh4+ Kg8 24. Nc6 Be7 25. Nxe7+ {DynoMike resigns}
1-0

[Event "ICS rated bullet match"]
[Site "204.178.125.65"]
[Date "2000.11.18"]
[Round "?"]
[White "DynoMike"]
[Black "Hossa"]
[Result "0-1"]
[WhiteElo "2007"]
[BlackElo "2625"]
[PlyCount "96"]
[EventDate "2000.??.??"]

1. g3 Nf6 2. Bg2 d5 3. Nf3 e6 4. d4 c5 5. O-O cxd4 6. Qxd4 Nc6 7. Qc3 Ne4 8.
Qb3 Nc5 9. Qe3 d4 10. Qf4 f6 11. c3 d3 12. exd3 Nxd3 13. Qe3 Bc5 14. Qe2 Bxf2+
15. Rxf2 Nxf2 16. Kxf2 e5 17. Be3 Bf5 18. Nbd2 Bd3 19. Qe1 O-O 20. Kg1 Re8 21.
Nb3 Na5 22. Nxa5 Qxa5 23. b3 Rad8 24. c4 Qa3 25. Nd2 e4 26. Bf4 f5 27. Nf1 Bxf1
28. Bxf1 Qb2 29. Rb1 Qxa2 30. c5 Kh8 31. Bc4 a6 32. b4 Qxc4 33. Qe3 Qc2 34. Re1
Rd1 35. Rxd1 Qxd1+ 36. Kg2 Rd8 37. Kh3 Qb1 38. Qc3 Rd5 39. Be5 Qf1+ 40. Kh4 Rd7
41. c6 Qd1 42. h3 bxc6 43. Qxc6 e3 44. Qc8+ Rd8 45. Qc3 e2 46. Bxg7+ Kg8 47.
Bh6 Qd4+ 48. Qxd4 Rxd4+ {DynoMike resigns} 0-1

[Event "ICS rated bullet match"]
[Site "204.178.125.65"]
[Date "2000.11.18"]
[Round "?"]
[White "Hossa"]
[Black "DynoMike"]
[Result "1-0"]
[WhiteElo "2626"]
[BlackElo "2006"]
[PlyCount "71"]
[EventDate "2000.??.??"]

1. d4 b6 2. c4 Bb7 3. Nf3 d5 4. cxd5 Qxd5 5. Bf4 Qd8 6. Qc2 e6 7. Bxc7 Qc8 8.
Nbd2 Be7 9. e4 Nf6 10. Bb5+ Nbd7 11. Ne5 O-O 12. Nc6 Re8 13. Nxe7+ Rxe7 14. Rc1
Re8 15. O-O a6 16. Ba4 b5 17. Bb3 Nb8 18. Qd3 Qd7 19. Bb6 Nc6 20. Nf3 Nb4 21.
Qd2 Nc6 22. Qf4 a5 23. Bc5 a4 24. Bc2 Na5 25. Ne5 Qc7 26. Bd3 Nc4 27. f3 Nxb2
28. Bxb5 Qa5 29. Bxe8 Rxe8 30. Ba3 Ba6 31. Bxb2 Bxf1 32. Rxf1 Qb5 33. Qd2 Qb6
34. Qc3 Qb7 35. Nc6 Qa7 36. Nxa7 {DynoMike resigns} 1-0

[Event "ICS rated bullet match"]
[Site "204.178.125.65"]
[Date "2000.11.18"]
[Round "?"]
[White "DynoMike"]
[Black "Hossa"]
[Result "0-1"]
[WhiteElo "2005"]
[BlackElo "2627"]
[PlyCount "56"]
[EventDate "2000.??.??"]

1. g3 Nf6 2. Bg2 d5 3. Nf3 e6 4. d3 Bd6 5. O-O e5 6. c3 O-O 7. Bg5 h6 8. Bxf6
Qxf6 9. Nbd2 c6 10. e4 Na6 11. exd5 cxd5 12. Re1 Nc7 13. Nb3 b6 14. Qd2 Bg4 15.
Qe3 Rfe8 16. Nfd2 Rab8 17. d4 e4 18. c4 Qf5 19. cxd5 Nxd5 20. Bxe4 Nxe3 21.
Bxf5 Nxf5 22. Rxe8+ Rxe8 23. Rc1 Bb4 24. Kg2 Bxd2 25. Nxd2 Nxd4 26. h3 Be6 27.
b3 Bd5+ 28. Kg1 Ne2+ {DynoMike resigns} 0-1

[Event "ICS rated bullet match"]
[Site "204.178.125.65"]
[Date "2000.11.18"]
[Round "?"]
[White "Hossa"]
[Black "DynoMike"]
[Result "1-0"]
[WhiteElo "2628"]
[BlackElo "2004"]
[PlyCount "35"]
[EventDate "2000.??.??"]

1. e4 b6 2. d4 Bb7 3. Nc3 d6 4. Nf3 c6 5. Bd3 e6 6. O-O Be7 7. Be3 Nf6 8. e5
dxe5 9. Nxe5 Nd5 10. Nxd5 exd5 11. Qh5 g6 12. Bxg6 fxg6 13. Nxg6 hxg6 14. Qxh8+
Kd7 15. Qh7 Qe8 16. Bg5 Kd6 17. Rfe1 Na6 18. Rxe7 {DynoMike resigns} 1-0

[Event "ICS rated bullet match"]
[Site "204.178.125.65"]
[Date "2000.11.18"]
[Round "?"]
[White "DynoMike"]
[Black "Hossa"]
[Result "0-1"]
[WhiteElo "2003"]
[BlackElo "2629"]
[PlyCount "70"]
[EventDate "2000.??.??"]

1. g3 Nf6 2. Bg2 d5 3. e3 e5 4. d4 exd4 5. Qxd4 Nc6 6. Qd1 Bb4+ 7. c3 Be7 8.
Ne2 O-O 9. O-O Ne5 10. b3 Bg4 11. Qe1 Bh3 12. Nd4 Bxg2 13. Kxg2 c5 14. Nf3 Nxf3
15. Kxf3 Qc8 16. Kg2 Qf5 17. Bb2 Ng4 18. Nd2 Qc2 19. Nf3 Qxb2 20. h3 Nf6 21.
Ne5 Ne4 22. Nf3 Nxc3 23. Rc1 Nxa2 24. Rd1 Nc3 25. Rd2 Qxb3 26. Rd3 Bf6 27. Nd2
Qc2 28. Rxc3 Bxc3 29. Qe2 Qxd2 30. Qf3 Rfd8 31. Rd1 Qa2 32. Rc1 Qb2 33. Rd1 g6
34. Rd3 Qb3 35. Qf4 Qc2 {DynoMike resigns} 0-1

[Event "ICS rated bullet match"]
[Site "204.178.125.65"]
[Date "2000.11.18"]
[Round "?"]
[White "Hossa"]
[Black "DynoMike"]
[Result "1-0"]
[WhiteElo "2630"]
[BlackElo "2002"]
[PlyCount "83"]
[EventDate "2000.??.??"]

1. d4 b6 2. c4 Bb7 3. Nf3 d6 4. Nc3 e6 5. e4 Be7 6. Bd3 Nf6 7. O-O Nfd7 8. Be3
O-O 9. Qc2 e5 10. dxe5 Nxe5 11. Nxe5 dxe5 12. Rfd1 Bd6 13. Nb5 Nd7 14. Nxd6
cxd6 15. Qd2 Qe7 16. b4 Rfd8 17. f3 h6 18. Bf2 a5 19. Be2 axb4 20. Qxb4 Nc5 21.
Qxb6 Ba6 22. Bxc5 dxc5 23. Rxd8+ Qxd8 24. Qxc5 Rc8 25. Qxe5 Bxc4 26. Bxc4 Rxc4
27. Qb2 Ra4 28. g3 Qa8 29. Kg2 Qa7 30. g4 Qe7 31. Qb8+ Kh7 32. Qf4 Qb4 33. Qf5+
Kg8 34. Qc8+ Kh7 35. Qc2 Qd4 36. Rb1 Rc4 37. Qe2 Qc3 38. Rb7 Rd4 39. Kg3 Rd2
40. Qb5 Qc2 41. Qf5+ g6 42. Qxf7+ {DynoMike resigns} 1-0

[Event "ICS rated bullet match"]
[Site "204.178.125.65"]
[Date "2000.11.18"]
[Round "?"]
[White "DynoMike"]
[Black "Hossa"]
[Result "0-1"]
[WhiteElo "2001"]
[BlackElo "2631"]
[PlyCount "76"]
[EventDate "2000.??.??"]

1. g3 Nf6 2. Bg2 d5 3. Nf3 e6 4. e3 Bd6 5. d4 Nbd7 6. O-O b6 7. Qe2 c6 8. c4
Ba6 9. Nbd2 O-O 10. b3 Qe7 11. Bb2 e5 12. dxe5 Nxe5 13. Nxe5 Bxe5 14. Bxe5 Qxe5
15. Nf3 Qd6 16. Rfd1 Rfe8 17. Qd2 Ne4 18. Qd4 Rad8 19. cxd5 Qa3 20. d6 Rxd6 21.
Nd2 Rxd4 22. exd4 Nxd2 23. Rxd2 Bb5 24. Rc2 Qd6 25. d5 cxd5 26. Rd1 Qb4 27.
Rcd2 Re1+ 28. Rxe1 Qxd2 29. Rb1 Bc6 30. a4 Qc2 31. Re1 Qxb3 32. a5 bxa5 33. Rc1
Bd7 34. Rc7 Qb1+ 35. Bf1 Bh3 36. Rc8+ Bxc8 37. Kg2 Bh3+ 38. Kxh3 Qxf1+ {
DynoMike resigns} 0-1

[Event "ICS rated bullet match"]
[Site "204.178.125.65"]
[Date "2000.11.18"]
[Round "?"]
[White "Hossa"]
[Black "DynoMike"]
[Result "1-0"]
[WhiteElo "2632"]
[BlackElo "2000"]
[PlyCount "25"]
[EventDate "2000.??.??"]

1. e4 b6 2. d4 Bb7 3. Nc3 d6 4. Nf3 e6 5. d5 Be7 6. dxe6 fxe6 7. Bc4 Qd7 8. Nd4
e5 9. Be6 Qd8 10. Nf5 Nf6 11. Nxg7+ Kf8 12. Bh6 Ng4 13. Qxg4 {DynoMike resigns}
1-0

[Event "ICS rated bullet match"]
[Site "204.178.125.65"]
[Date "2000.11.18"]
[Round "?"]
[White "Hossa"]
[Black "DynoMike"]
[Result "1-0"]
[WhiteElo "2634"]
[BlackElo "1998"]
[PlyCount "65"]
[EventDate "2000.??.??"]

1. e4 b6 2. d4 Bb7 3. Nc3 d6 4. Nf3 e6 5. d5 exd5 6. exd5 Be7 7. Bb5+ Nd7 8.
Nd4 Ngf6 9. Nc6 Bxc6 10. Bxc6 Rb8 11. Qe2 O-O 12. O-O Ne5 13. Bb5 Rc8 14. Re1
c6 15. dxc6 Nfg4 16. f4 Ng6 17. Qxg4 Bf6 18. Qd7 Bd4+ 19. Kh1 Qf6 20. Nd5 Qh4
21. Rd1 Bf2 22. Qxa7 Ra8 23. Qd7 Rfd8 24. Qf5 Ne7 25. Qg5 Qxg5 26. fxg5 Nxd5
27. Rxd5 Bc5 28. Bd2 Re8 29. b4 Rac8 30. bxc5 bxc5 31. Rxd6 Rc7 32. Ba5 Ra7 33.
c7 {DynoMike resigns} 1-0